20 Most Famous Cities in Mali on a Map - Statistics

General Stats
  • This quiz has been taken 60 times
  • The average score is 8 of 20
Answers on the Map
Answers color-coded by a green-red scale on the quiz's map according to % correct below.
 
Answer Stats
Wiki Monthly Views Cityquiz Mention Rate Population Answers % Correct
47.71K 30.24% 4227.57K Bamako
98%
115.21K 21.96% 54.63K Timbuktu
98%
11.87K 6.81% 86.35K Gao
72%
3.35K 1.59% 120.79K Mopti
53%
2.73K 1.28% 226.62K Sikasso
53%
3.64K 1.45% 126.32K Kayes
47%
4.05K 1.29% 133.50K Ségou
47%
7.60K 1.55% 26.27K Djenné
42%
3.33K 0.40% 25.97K Kidal
37%
1.76K - 9.14K Ménaka
33%
2.45K - 0.12K Taoudenni
30%
1.86K 0.20% 41.60K Koulikoro
28%
1.77K 0.28% 84.50K Kati
21%
1.23K 0.65% 49.04K Kita
21%
0.94K 0.08% 33.69K Nioro du Sahel
21%
1.17K - 3.61K Tessalit
21%
1.27K 0.31% 141.44K Koutiala
19%
1.43K 0.10% 17.17K Bandiagara
16%
1.72K 0.43% 20.34K Diré
7%
1.10K - 17.23K Kangaba
7%
No matching quizzes found
Score Distribution
Percent of People with Each Score
Percentile by Number Answered
Your Score History
You have not taken this quiz